000 00628nam a22002417a 4500
003 UA-OsUOA
001 23113
007 ta
008 20040112b un ||||| |||| 00| 0 ukr d
100 _aРоманишин Петро
090 _a27 (477)
_bР69
942 _cBK
040 _aUA-OsUOA
_bukr
_cUA-OsUOA
_dUA-OsUOA
245 _aСтудії до історії Української Католицької Церкви в Німеччині
300 _a212 с.
955 _a0
041 _aukr
080 _a27 (477)
260 _aВінніпег
_c1988
044 _aCA
650 7 _2UDC
999 _c309356
_d309356